| 000 | 01178nam a22003377a 4500 | ||
|---|---|---|---|
| 003 | CHAP | ||
| 005 | 20220817041912.0 | ||
| 008 | 971013s1977 r 00010 d | ||
| 010 | _a28235 | ||
| 011 | _a29207 | ||
| 035 | _a33318 | ||
| 040 | _cCHAP | ||
| 082 |
_a330.18 _bK54Y |
||
| 100 | 0 | 0 |
_aKmenta, Jan. _963489 |
| 245 | _aElementos de econometria | ||
| 260 |
_aBarcelona : _bVicens-Vives, _c1977 |
||
| 300 |
_a750 p. _b; gráfs. |
||
| 490 | _aColección MacMillan Vicens Vives de economía | ||
| 590 |
_aBATCH-UPD _b10 _c20130110 _lUCH01 _h2104 |
||
| 590 |
_aBATCH-UPD _b10 _c20130410 _lUCH01 _h1416 |
||
| 590 |
_aBATCH-UPD _b10 _c20130914 _lUCH01 _h1036 |
||
| 590 |
_aCONVERSION _b10 _c20130109 _lUCH01 _h1316 |
||
| 650 | 1 | 4 |
_aEconometría. _935201 |
| 830 | 0 | _aColección MacMillan Vicens Vives de economía | |
| 901 | _aBK | ||
| 942 | _cLIBRO | ||
| 949 |
_a330.18 K54Y _bBC _cLIBRO _d33724000321899 _eLIBRO _fc.3 _h55560 _i33318 _si |
||
| 949 |
_a330.18 K54Y _bBC _cLIBRO _d33724000321907 _eLIBRO _fc.4 _h76653 _i33318 _si |
||
| 949 |
_a330.18 K54Y _bBC _cLIBRO _d33724000610416 _eLIBRO _h48514 _i33318 _si |
||
| 949 |
_a330.18 K54Y _bBC _cLIBRO _d33724002169116 _eLIBRO _fc.2 _h48515 _i33318 _so |
||
| 999 |
_c28235 _d28235 |
||